000 00473nam a2200169Ia 4500
020 _a(pbk)
082 _a536
_bARO
_cL-6, P-78
100 _aArora- C. L.
_939693
245 _aHeat
_brefreshes course in B. Sc. Physics
250 _a7th ed.
260 _aNew Delhi
_bS. Chand and Company
_c1980
300 _a332 p. ;
_bill. ;
_c18cm
526 _a0
_b0
_c0
_d536_000000000000000_ARO
650 _aHeat -- Study and Teaching
_940211
650 _aMCE
_9379
942 _2ddc
_cBK
999 _c544557
_d544557